000 01333nam a2200349Ia 4500
001 ebr10660449
003 CaPaEBR
006 m u
007 cr cn|||||||||
008 100625s2011 nyua sb 001 0 eng d
010 _z 2010027265
020 _z9781617286902 (hardcover)
020 _z9781617612510
040 _aCaPaEBR
_cCaPaEBR
035 _a(OCoLC)836871497
050 1 4 _aQR74
_b.M625 2011eb
082 0 4 _a616.9/0471
_222
245 0 0 _aMolecular aspects of infectious disease
_h[electronic resource] /
_cMazen T. Saleh, editor.
260 _aNew York :
_bNova Science Publishers,
_cc2011.
300 _a206 p. :
_bill.
490 0 _aImmunology and immune system disorders
490 0 _aNova biomedical
504 _aIncludes bibliographical references and index.
533 _aElectronic reproduction.
_bPalo Alto, Calif. :
_cebrary,
_d2013.
_nAvailable via World Wide Web.
_nAccess may be limited to ebrary affiliated libraries.
650 0 _aMolecular microbiology.
650 0 _aCommunicable diseases
_xMolecular aspects.
650 0 _aPathology, Molecular.
655 7 _aElectronic books.
_2local
700 1 _aSaleh, Mazen T.
710 2 _aebrary, Inc.
856 4 0 _uhttp://site.ebrary.com/lib/rucke/Doc?id=10660449
_zAn electronic book accessible through the World Wide Web; click to view
999 _c170799
_d170799